| 000 | 00719cam a2200229 a 4500 | ||
|---|---|---|---|
| 999 |
_c219470 _d219470 |
||
| 001 | 11922492 | ||
| 003 | Nust | ||
| 005 | 20170210085743.0 | ||
| 008 | 000225s1999 no 000 1 nor | ||
| 010 | _a 00308808 | ||
| 020 | _a0753811464 | ||
| 020 | _a978-0753811467 | ||
| 040 |
_aDLC _cDLC |
||
| 050 | 0 | 0 |
_aPT8951.17.A17 _bM39 1999 |
| 082 |
_a839.82374 _bGAA |
||
| 100 | 1 |
_aGaarder, Jostein, _d1952- |
|
| 245 | 1 | 0 |
_aMaya : _broman / _cJostein Gaarder. |
| 250 | _a2. oppl. | ||
| 260 |
_aOslo : _bAschehoug, _c1999. |
||
| 300 |
_a344 p. ; _c22 cm. |
||
| 650 | _aSpanish fiction | ||
| 906 |
_a7 _bcbc _corignew _d3 _encip _f20 _gy-gencatlg |
||
| 942 |
_2ddc _cBK |
||